[Event "FRA-chT3 0405"]
[Site "France"]
[Date "2005.03.13"]
[Round "7"]
[White "Faisnel, Laurent"]
[Black "Guereven, Sonia"]
[Result "1-0"]
[WhiteElo "1920"]
[BlackElo "1720"]
[PlyCount "119"]
[EventDate "2004.10.10"]
[EventType "team-tourn"]
[EventRounds "9"]
[EventCountry "FRA"]
[SourceTitle "EXT 2007"]
[Source "ChessBase"]
[SourceDate "2006.11.23"]
[SourceVersion "1"]
[SourceVersionDate "2006.11.23"]
[SourceQuality "1"]

1. e4 e6 2. d4 d5 3. Nc3 Bb4 4. e5 c5 5. Bd2 a6 6. Qg4 Kf8 7. a3 cxd4 8. axb4 dxc3 9. Bxc3 Bd7 10. Bd3 Nc6 11. Nf3 Nh6 12. Qf4 Nf5 13. 0-0 b5 14. Rfd1 Nce7 15. Qg5 h6 16. Qd2 Qb6 17. Qe2 h5 18. Bxf5 Nxf5 19. Nd4 Ne7 20. Rd3 Ng6 21. Rf3 Rc8 22. Nb3 Rc4 23. Nc5 Bc8 24. Qe3 Qc6 25. b3 Rg4 26. g3 h4 27. h3 Re4 28. Nxe4 dxe4 29. Rf4 Nxf4 30. gxf4 Ke7 31. Rd1 Rd8 32. Rd4 Rxd4 33. Qxd4 Qd5 34. Qa7+ Bd7 35. Bd4 f6 36. Kf1 f5 37. Ke2 e3 38. Bxe3 Kf7 39. Qxa6 Qc6 40. Qxc6 Bxc6 41. f3 Kg6 42. Bb6 Kh5 43. Bd8 Bd5 44. Ke3 Bc6 45. c4 Kg6 46. Bxh4 Kf7 47. Bd8 Ke8 48. Bb6 Kd7 49. Ba5 Kc8 50. Kd4 Bxf3 51. Kc5 Bg2 52. h4 Kd7 53. Kxb5 Be4 54. Kb6 Bc2 55. b5 Bxb3 56. c5 Bd5 57. c6+ Kc8 58. Kc5 Bb3 59. b6 Bd5 60. b7+ 1-0

[Event "FRA-chT4 0405"]
[Site "Bretagne"]
[Date "2005.02.06"]
[Round "5"]
[White "Le Nezet, Thierry"]
[Black "Faisnel, Laurent"]
[Result "1/2-1/2"]
[WhiteElo "1900"]
[BlackElo "1920"]
[PlyCount "82"]
[EventDate "2004.04.03"]
[EventType "team-tourn"]
[EventRounds "7"]
[EventCountry "FRA"]
[SourceTitle "EXT 2007"]
[Source "ChessBase"]
[SourceDate "2006.11.23"]
[SourceVersion "1"]
[SourceVersionDate "2006.11.23"]
[SourceQuality "1"]

1. e4 c5 2. Nf3 d6 3. c3 Nf6 4. Bb5+ Bd7 5. Bxd7+ Qxd7 6. d3 g6 7. 0-0 Bg7 8. Re1 0-0 9. a4 Nc6 10. Na3 Rfd8 11. h3 e5 12. Nc4 Qc7 13. Bg5 Rd7 14. Ne3 Ne7 15. Nc4 Nc6 16. Qe2 Re8 17. Ne3 Ne7 18. Nh2 d5 19. Nhg4 Nxg4 20. Nxg4 Qd6 21. Qf3 f5 22. Nh6+ Bxh6 23. Bxh6 fxe4 24. dxe4 dxe4 25. Qxe4 Nf5 26. Bg5 Kg7 27. g4 Nh6 28. Bf4 Nf7 29. Bg3 Qf6 30. Rad1 Qe6 31. Rxd7 Qxd7 32. f4 Qd2 33. fxe5 Qxb2 34. Qf3 Qb6 35. Qe4 Ng5 36. Qg2 Qb3 37. Kh2 Qxc3 38. Qxb7+ Kh6 39. Rf1 Qd2+ 40. Qg2 Qxg2+ 41. Kxg2 Kg7 1/2-1/2

[Event "Bretagne tt 0203"]
[Site "Bretagne"]
[Date "2002.11.17"]
[Round "2"]
[White "Hubert, Lucas"]
[Black "Faisnel, Laurent"]
[Result "0-1"]
[WhiteElo "1780"]
[BlackElo "1980"]
[PlyCount "60"]
[EventDate "2002.??.??"]
[EventType "team-tourn"]
[EventRounds "9"]
[EventCountry "FRA"]
[SourceTitle "EXT 2004"]
[Source "ChessBase"]
[SourceDate "2003.11.25"]
[SourceVersion "1"]
[SourceVersionDate "2003.11.25"]
[SourceQuality "1"]

1. d4 Nf6 2. c4 c5 3. Nf3 cxd4 4. Nxd4 e5 5. Nf3 Nc6 6. Nc3 a6 7. Bd2 Bc5 8. e3 0-0 9. Bd3 d5 10. cxd5 Nxd5 11. 0-0 Re8 12. Ne4 Ba7 13. Bc4 Bf5 14. Nc3 Nc7 15. Qb3 Qd7 16. Nd5 b5 17. Bxb5 Nxb5 18. Rad1 Rab8 19. Qc4 Rec8 20. Bc1 Qe8 21. Qe2 Bg4 22. e4 Ncd4 23. Qd3 Bxf3 24. gxf3 Nc7 25. Kh1 Nxd5 26. exd5 Qb5 27. Qe4 Re8 28. Rg1 f5 29. Qh4 Rb6 30. Bh6 g6 0-1